Największe miasta w województwie dolnośląskim według powierzchnii - Statystyki

Ogólne statystyki
  • Ten quiz został rozwiązany 13 razy
  • Średni wynik to 7 z 10
Statystyki odpowiedzi
powierzchnia (km²) miasto liczba ludności % Poprawnych
56,29 Legnica 91 335
100%
40,76 Lubin 66 422
100%
84,68 Wałbrzych 98 748
100%
292,8 Wrocław 672 545
100%
109,3 Jelenia Góra 74 636
92%
37.99 Karpacz 4321
75%
75,44 Szklarska Poręba 5716
50%
59,94 Bogatynia 16 245
42%
43,17 Piechowice 5798
25%
80.38 Szczytna 4850
0%
Nie znaleziono quizów pasujących do podanych kryteriów
Rozkład punktacji
Procent ludzi z każdym wynikiem
Percentyl według liczby udzielonych odpowiedzi
Twoja historia wyników
Nie rozwiązałeś tego quizu